000 005810000a22001810004500
003 MACL
005 20160330161129.0
008 160330b xxu||||| |||| 00| 0 eng d
040 _aMACL
_cMACL
041 _aHindi
082 _a300 BAC
100 _aअम्‍बेडकर बी. आर
_948081
245 _aअन्‍याय कोई परम्‍परा नहीं
260 _bसंगीता प्रकाशन
_c1995
_aनई दिल्‍ली
350 _a150
650 _aसोशियोलॉजी
_949041
942 _cHIN
_k300
_2ddc
999 _c20572
_d20572